Loading...
Late bourgeois world
| Main Author: | |
|---|---|
| Format: | Printed Book |
| Published: |
London
Bloomsbury
2013
|
| Subjects: |
| LEADER | 00479nam a22001577a 4500 | ||
|---|---|---|---|
| 003 | OSt | ||
| 020 | |a 9781408836002 | ||
| 082 | |a 823.1 |b GOR/LA | ||
| 100 | |a Gordimer Nadine | ||
| 245 | |a Late bourgeois world | ||
| 260 | |a London |b Bloomsbury |c 2013 | ||
| 300 | |a 142 Pages | ||
| 650 | |a Fiction | ||
| 942 | |2 ddc |c BK | ||
| 999 | |c 142049 |d 142049 | ||
| 952 | |0 0 |1 0 |2 ddc |4 0 |6 823_100000000000000_GORLA |7 0 |9 140990 |a KAUCLV |b KAUCLV |c GENERAL |d 2015-11-28 |g 599.00 |o 823.1 GOR/LA |p 224768 |r 2015-11-28 |w 2015-11-28 |y BK | ||